[Event "Voskresensk"]
[Site "Voskresensk"]
[Date "1990.??.??"]
[Round "?"]
[White "Belov, Igor"]
[Black "Barle, Janez"]
[Result "1-0"]
[WhiteElo "2430"]
[BlackElo "2430"]
[Annotator "Ribli,Z"]
[PlyCount "147"]
[EventDate "1990.07.??"]
[EventType "tourn"]
[EventRounds "11"]
[EventCountry "URS"]
[EventCategory "9"]
[SourceTitle "CBM 019"]
[Source "ChessBase"]
[SourceDate "1990.12.01"]
[SourceVersion "1"]
[SourceVersionDate "1990.12.01"]
[SourceQuality "1"]

1. Nf3 Nf6 2. c4 e6 3. Nc3 Bb4 4. Qc2 O-O 5. a3 Bxc3 6. Qxc3 b6 7. b3 Bb7 8.
Bb2 d6 9. g3 Nbd7 10. Bg2 e5 (10... Ne5 11. O-O Nxf3+ 12. Bxf3 Bxf3 13. Qxf3 e5
14. Qg2 Re8 15. f4 e4 16. g4 $1 $14 {Vaganian,R-Anand,V Wijk 1989 47/(21) CBM
17}) 11. O-O Re8 12. d3 Nc5 13. e4 c6 14. Rae1 b5 15. Nd2 bxc4 16. Nxc4 Ba6 17.
Ba1 Rb8 18. Rb1 Ne6 19. b4 c5 20. Rfc1 Nd4 21. Qd2 Bxc4 22. Rxc4 Qd7 23. Bxd4
$1 cxd4 24. Rbc1 Rec8 25. Qc2 $14 Rxc4 26. Qxc4 Qa4 27. Qc7 Re8 28. Ra1 Qa6 29.
Qc4 Qxc4 30. dxc4 Rc8 31. Rc1 Kf8 32. f3 Rc7 33. Bf1 Nd7 34. Bd3 Nb6 35. Rc2
Na4 36. f4 f6 37. Kg2 Ke7 38. Kf3 Nc3 39. h4 a5 40. Rb2 Rb7 41. h5 Kd7 42. Kg4
Nd1 43. Ra2 Ne3+ 44. Kf3 Rc7 45. bxa5 $1 Nxc4 46. a6 Kc8 47. a7 $1 Nb6 48. Rb2
$1 Rxa7 49. Rxb6 Rxa3 50. Ke2 Ra2+ 51. Ke1 Rg2 52. Rb3 Kc7 53. Be2 g6 54. h6
Rh2 55. fxe5 fxe5 56. Kf1 Rxh6 57. Kg2 Kc6 58. Rf3 d5 59. Rf6+ Kc5 60. Re6 dxe4
61. Rxe5+ Kb4 62. Rxe4 Kc3 63. Re6 Kd2 64. Bf3 Kd3 65. Rc6 Ke3 66. Rc5 d3 67.
Re5+ Kd2 68. Rd5 g5 69. Be4 Ke3 70. Bxd3 g4 71. Bf5 Rh5 72. Rd3+ Ke2 73. Bxg4+
Kxd3 74. Bxh5 {Ribli} 1-0

[Event "FRA-ch Pool B"]
[Site "Marseille"]
[Date "2001.08.17"]
[Round "5"]
[White "Dorfman, Josif D"]
[Black "Chabanon, Jean Luc"]
[Result "1-0"]
[WhiteElo "2602"]
[BlackElo "2511"]
[Annotator "Ribli,Z"]
[PlyCount "77"]
[EventDate "2001.08.13"]
[EventType "tourn"]
[EventRounds "7"]
[EventCountry "FRA"]
[EventCategory "13"]
[SourceTitle "CBM 085"]
[Source "ChessBase"]
[SourceDate "2001.11.13"]
[SourceVersion "1"]
[SourceVersionDate "2001.11.13"]
[SourceQuality "1"]

1. Nf3 Nf6 2. c4 e6 3. Nc3 Bb4 4. g4 {Dieser (besonders von Zvjagintsev und
Krasenkow gespielte) extravagante Zug ist in letzter Zeit populär. Weiß möchte
am Königsflügel angreifen.} h6 (4... d6) (4... O-O) (4... d5) 5. Rg1 b6 (5...
d5) (5... c5) 6. h4 {Weiß will - wie in der Keres-Variante der Sizilianischen
Verteidigung - um jeden Preis g4-g5 durchsetzen.} (6. d3 Bb7 7. e4 d6 (7... d5
8. e5 Nfd7 (8... d4 $5) 9. a3 Bxc3+ 10. bxc3 dxc4 11. d4 b5 12. Rb1 a6 13. Bxc4
bxc4 14. Rxb7 Nb6 15. Qe2 $13 {1-0 Pelletier,Y-Huss,A/Cannes 1998/CBM 63 ext 
(43)}) 8. Qe2 Nbd7 9. Be3 c5 10. Nd2 Bxc3 11. bxc3 Qc7 12. f4 O-O-O 13. O-O-O
a6 14. Kb1 b5 15. cxb5 axb5 16. Ka1 {1-0 Lalic,B-Brajovic,R/Saint Vincent 2000/
CBM 78 (34)}) (6. Qb3 $5) 6... Bb7 7. g5 hxg5 8. hxg5 Ne4 (8... Nh5 9. e3 Qe7 (
9... g6 10. Be2 Qe7 11. Nb5 d5 12. a3 Bd6 13. b4 dxc4 14. Bb2 e5 15. Bxc4 Nd7
16. d4 O-O 17. Qc2 {1-0 Sales,J-Antonio,R/Quezon City PHI 2001/(35)}) 10. Nb5
d5 11. a3 Bd6 12. cxd5 exd5 13. g6 Nc6 14. gxf7+ Qxf7 15. Nxd6+ cxd6 16. Ng5
Qe7 17. d4 O-O-O 18. Bd2 {1-0 Piket,J-Nikolic,P/Monte Carlo 1999/CBM 69 ext 
(54)}) (8... Bxc3 $5 9. dxc3 (9. bxc3 Ne4 10. d3 Nc5 11. e4 d6 $13 {[%csl Ya4]
[%cal Gd8d7,Gd7a4]}) 9... Ne4 10. Qd4 Rg8 (10... Kf8 $6 11. Ne5 d6 $6 12. g6
$16) 11. Rg4 (11. Rh1 $5) 11... Nd6 $1 (11... Nc5 12. b4 Na4 13. Qd3 $1 {
[%cal Rd3c2,Rc2a4,Rd3h7,Rh7g8]}) 12. Bf4 (12. e4 Nc6 13. Qe3 Qe7 14. c5 bxc5
15. Qxc5 O-O-O $11) (12. g6 f6 $132) 12... Nc6 13. Qd3 Qe7 14. Ne5 (14. Qh7 $6
O-O-O) 14... O-O-O 15. O-O-O f5 $1 $11) 9. Qc2 (9. Nxe4 Bxe4 10. Qb3 Qe7 11. a3
Bd6 12. Qc3 Nc6 13. Qe3 Bg6 14. b4 e5 15. Bb2 a5 16. b5 Bc5 {0-1 Sambuev,
B-Kiselev,S/Moscow 2000/EXT 2001 (52)}) 9... Nxc3 10. dxc3 (10. bxc3 $13) 10...
Bd6 11. Be3 c5 $146 {Dieser Zug ist nicht wirklich schlecht, meines Erachtens
täte Schwarz aber besser daran, seine Entwicklung mit 11...Nc6 fortzusetzen.} (
11... Nc6 12. Nd2 $6 (12. Bg2 $11) (12. O-O-O $5) 12... Bh2 $5 $15 13. Rg2 Ne7
{[%cal Ge7f5,Ge7g6]} (13... Ne5 $15) 14. Nf3 Bd6 15. Rg4 Ng6 16. O-O-O Qe7 17.
Bg2 O-O-O {0-1 Van Wely,L-Timman,J/Wijk aan Zee 1999/CBM 69/[Ribli] (29)}) 12.
O-O-O Qe7 13. Qd2 $5 {Eine interessante Idee - Weiß möchte in der Folge mit
Bf4 die schwarzfeldrigen Läufer abtauschen.} Bc7 14. Bf4 e5 $6 {Schwarz
verjagt damit zwar den Läufer mit Tempo von f4, aber sein Bc7 bleibt passiv,
und das Feld d5 wird zu einem positionellen Loch.} (14... Bxf4 15. Qxf4 Nc6 16.
Qc7 $16) (14... d6 $5 {Dieses positionelle Bauernopfer ist die beste
Fortsetzung für Schwarz.} 15. Bxd6 Bxd6 16. Qxd6 Qxd6 17. Rxd6 Bxf3 18. exf3
Ke7 $11 {Weiß hat zwar einen Bauern mehr, dafür hat er gleich zwei
Doppelbauern. Ich glaube, dass Schwarz diese Stellung halten kann.}) 15. Bg3
Nc6 {[#]} 16. g6 $1 {Mit diesem unerwarteten Zug verschafft sich Weiß starke
Initiative.} O-O-O (16... fxg6 17. Bh4 Qf7 18. Ng5 Qe7 {Weiß hat sehr gutes
Figurenspiel, aber es noch nichts entschieden. Weiß könnte hier mit 19.Nf3 Qf7
Zugwiederholung erzwingen.}) (16... f5 $2 17. Bh4 Rxh4 18. Nxh4 Qxh4 19. Qxd7+
Kf8 20. Qf7#) 17. gxf7 Qxf7 18. b3 $14 {Weiß hat eine solide Stellung erreicht.
Schwarz hingegen steht vor Problemen: der Pg7 ist isoliert, der Bc7 steht
passiv und das Feld d5 ist schwach.} Rh6 {[%cal Gh6d6] Schwarz möchte die
Türme mit Rd6 abtauschen.} 19. Bg2 Rd6 20. Qe3 Rxd1+ 21. Rxd1 Qf5 22. Ng5 $1 {
[%csl Yd5][%cal Gg2b7]} Nb8 $6 (22... Rh8 23. Be4 $11) 23. Bxb7+ Kxb7 24. Qe4+
$5 (24. Rh1 $14) 24... Qxe4 25. Nxe4 $16 {[%csl Rc7,Yd5,Ge4][%mdl 32] Der Ne4
steht ausgezeichnet, er dominiert auf dem Brett.} Rh8 26. b4 cxb4 (26... Kc6)
27. cxb4 Rh6 28. Rd3 g5 $2 {[%mdl 8192] Dieser sonderbare Zug hilft nur dem
Gegner.} (28... Kc8 $142) 29. Nxg5 Rc6 30. Rc3 d5 {Das war also die Idee von
Schwarz, als er 28...g5? spielte - Weiß hat hier aber gründlicher gerechnet.}
31. Kb2 $1 Rxc4 (31... dxc4 32. b5 Rc5 33. a4 a6 34. Ne6 Rd5 35. e4 Rd2+ 36.
Rc2 $16) 32. Rxc4 dxc4 33. b5 $1 {[%csl Rc4] Wieder ein guter positioneller
Zug - der Pc4 ist nun nicht mehr zu verteidigen.} a6 34. a4 Nd7 35. Ne4 $1 {
[%csl Rd7,Ge4] Es besteht ein markanter Unterschied zwischen den weißen und
den schwarzen Leichtfiguren - der Ne4 schränkt den Freiraum des Nd7ein.} axb5
36. axb5 Nf8 37. Kc3 Ng6 38. Kxc4 $18 {[%cal Gc4d5] Weiß hat zwar nur einen
Mehrbauern, dennoch steht er auf Gewinn - nun droht das Eindringen des Königs
auf d5.} Ne7 39. Nc3 {[%cal Gc3d5]} (39. Nc3 Bd6 40. Kd3 $18 {[%cal Rd3e4,
Re4e5]}) 1-0

[Event "EU-Cup 21st"]
[Site "Saint Vincent"]
[Date "2005.09.24"]
[Round "7.2"]
[White "Ivanchuk, Vassily"]
[Black "Bologan, Viktor"]
[Result "1-0"]
[WhiteElo "2752"]
[BlackElo "2700"]
[Annotator "Ribli,Z"]
[PlyCount "141"]
[EventDate "2005.09.18"]
[EventType "team-swiss"]
[EventRounds "7"]
[EventCountry "ITA"]
[SourceTitle "CBM 110"]
[Source "ChessBase"]
[SourceDate "2006.01.31"]
[SourceVersion "1"]
[SourceVersionDate "2006.01.31"]
[SourceQuality "1"]
[WhiteTeam "Warsaw Polonia"]
[BlackTeam "Tomsk 400"]
[WhiteTeamCountry "POL"]
[BlackTeamCountry "RUS"]

1. Nf3 Nf6 2. c4 e6 3. Nc3 Bb4 4. g3 {Ivanchuk spielt ruhig und positionell,
aber die scharfe Alternative 4.g4 ist ebenfalls populär.} O-O 5. Bg2 d5 6. a3
Bxc3 7. dxc3 {Dieser Zug scheint mir viel natürlicher als 7.bxc3.} (7. bxc3 c5
8. O-O Nc6 9. Rb1 b6 10. cxd5 exd5 11. d3 h6 $5 {[%cal Gc8f5,Gf5h7]} 12. Re1
Re8 13. h3 Bf5 {[%cal Gf5b1]} 14. Qa4 Rc8 15. g4 Bh7 {. 0-1 Le Roux,J-Sokolov,
A/Val d'Isere 2004/CBM 103/[Ribli Zoltan] (33)}) 7... c5 $146 {Eine Neuerung
von Bologan - früher spielte man praktisch immer 7...Nbd7.} (7... Nbd7 8. cxd5
exd5 9. O-O Re8 (9... Nc5 10. Be3 $14) 10. Qc2 (10. Bf4 Nc5) 10... Qe7 11. Be3
$5 (11. Bf4) 11... c5 12. Rfe1 b6 13. Rad1 Bb7 14. Nh4 Ne4 15. Bf4 g6 16. c4 $5
Qe6 17. cxd5 Bxd5 18. Rxd5 Qxd5 19. Rd1 Qe6 20. Rxd7 Qxd7 21. Bxe4 {1-0
Schlosser,P-Lingnau,C/Werther 2003/(40)}) 8. O-O Nc6 (8... h6 9. Bf4 Nc6 10.
Qc2 b6 11. b4 $14) 9. Bg5 $1 {Ein starker Zug, wonach Schwarz mit 9...dxc4
fortsetzen muss, der die Diagonale des g2-Läufers öffnet.} dxc4 10. Qa4 h6 (
10... Na5 11. Rad1 (11. Ne5 Qe8 12. Qxa5 b6 13. Bc6 bxa5 14. Bxe8 Rxe8) 11...
Qe8 (11... Qb6 12. Bxf6 gxf6 13. Nd2 $16) 12. Qc2 $36 (12. Qxa5 b6)) 11. Bxf6
Qxf6 12. Qxc4 Qe7 13. Ne1 $1 {[%cal Ge1d3,Gg2a8][%mdl 32] Weiß öffnet die
Diagonale des g2-Läufers und bereitet 14.Nd3 vor.} Ne5 (13... Bd7 14. Nd3 b6
15. Rad1 Rac8) 14. Qf4 (14. Qe4) 14... Ng6 15. Qe3 $14 {[%csl Rc8,Gg2] Die
Bauernstruktur ist symmetrisch, aber Weiß verfügt über Positionsvorteil: sein
g2B steht viel aktiver, als sein Kollege auf c8.} c4 (15... Rb8) 16. Nf3 (16.
Qd4 Qc7 17. Rd1 e5 18. Qd6 Qxd6 19. Rxd6 Bg4 $132) 16... Qc7 (16... e5 17. h4
$14) 17. a4 $1 {Mit diesem Zug gewinnt Weiß Raum am Damenflügel.} Bd7 (17... e5
) 18. Rfd1 Rfd8 (18... Bc6 19. Qc5 $1 Qb6 20. Qxc4 $16) 19. a5 Ne7 20. Qe5 $1
Rac8 21. Rd4 $1 {[%csl Yc4][%cal Ga1d1,Gd1d8] Ivanchuk spielt diese Partie
wirklich sehr stark: Mit dem Textzug kontrolliert Weiß den c4-Bauern und
bereitet die Turmverdopplung auf der d-Linie vor.} Re8 22. Rad1 Ba4 23. R1d2
Nf5 24. Rg4 $1 (24. Re4) 24... h5 (24... Bb3 25. Qxc7 Rxc7 26. Nd4 Nxd4 27.
Rgxd4 $16) 25. Re4 Qxe5 26. Nxe5 {[%csl Rc4]} Bb3 (26... Bb5) 27. Bh3 $1 g6 (
27... Rc5 28. Bxf5 exf5 29. Nd7 Rxe4 (29... Rcc8 30. Rf4 $16) 30. Nxc5 Re7 31.
e3 $16) 28. Rd7 Rf8 (28... Ba4 $142 $5 29. Rxf7 (29. Rxb7 $2 Nd6) (29. Rd2)
29... Nd6 30. Rff4 Nxe4 (30... g5 31. Nxc4 $16) 31. Rxe4 $14) 29. Bxf5 exf5 30.
Red4 $16 {[%csl Rb3,Gd4,Gd7,Ge5] Alle weißen Figuren stehen aktiv, während die
einzige Funktion des b3-Läufers in der Verteidigung des c4-Bauern besteht.} Rc5
31. f4 Rxa5 32. Rxb7 Bc2 {[%cal Gc2e4]} 33. Rdd7 Be4 34. Rxa7 Rxa7 (34... Rb5
35. Nxc4 $18) 35. Rxa7 Bd5 {[%mdl 4096] Weiß hat einen Bauern mehr und eine
wesentlich bessere Stellung.} 36. Nd7 (36. Rc7 $1 Rb8 37. Nd7 {[%cal Rd7b8,
Rd7f6,Rf6g8,Rf6d5]} Rb5 38. Nf6+ Kg7 39. Nxd5 Rxd5 40. Rxc4 Rd2 41. b4 $18)
36... Rd8 37. Nf6+ Kf8 38. Rd7 Rxd7 39. Nxd7+ Ke7 40. Ne5 {Weiß hat nicht nur
einen Bauern mehr, sondern der c4P stellt immer eine Schwächung in der
schwarzen Stellung dar. Darüber hinaus hat Schwarz auch Probleme mit den
Doppelbauern auf den f-Linie.} Kd6 41. Kf2 Be6 42. Ke3 Kc5 43. Kd2 Kd6 44. Kc2
Kd5 45. Nf3 f6 46. Nd2 {[%cal Gb2b3] Weiß bereitet 47.b3 vor, um einen
Freibauern auf der c-Linie zu erlangen.} Kd6 47. b3 cxb3+ 48. Nxb3 Bc4 49. e3
Be2 50. Nd2 {[%cal Gc3c4,Ge3e4] Nach diesem Zug kann Weiß entweder c4 oder e4
ziehen.} Kc5 (50... Kd5 51. Kb3 $18) 51. e4 Bg4 52. Kd3 Bh3 53. c4 Kd6 54. Kd4
$18 fxe4 55. Nxe4+ Ke6 56. c5 Bg2 57. c6 Ke7 (57... Bxe4 58. Kxe4 Kd6 59. h4 (
59. f5 g5 60. c7 Kxc7 61. Kd5 Kd7 62. h3 $18) 59... Kxc6 (59... f5+ 60. Kd4 $18
) 60. f5 $18) 58. c7 Bh3 59. Kc5 Bd7 60. Nd6 Ke6 61. h4 (61. c8=Q Bxc8 62. Nxc8
g5 (62... Kf5 63. Ne7+ $18) 63. Nd6 $18) 61... g5 62. hxg5 fxg5 63. fxg5 Ke5
64. Nf7+ Ke6 65. g6 Kf6 66. Kd6 Bf5 67. Ne5 Bc8 68. Nc6 Bh3 69. Ne7 Bg4 70. g7
Kxg7 71. Ke5 1-0

[Event "Groningen op"]
[Site "Groningen"]
[Date "1990.??.??"]
[Round "6"]
[White "Mikhalchishin, Adrian"]
[Black "Kohlweyer, Bernd"]
[Result "1/2-1/2"]
[WhiteElo "2510"]
[BlackElo "2385"]
[Annotator "Ribli,Z"]
[PlyCount "40"]
[EventDate "1990.??.??"]
[EventType "swiss"]
[EventRounds "9"]
[EventCountry "NED"]
[SourceTitle "CBM 022"]
[Source "ChessBase"]
[SourceDate "1991.06.01"]
[SourceVersion "1"]
[SourceVersionDate "1991.06.01"]
[SourceQuality "1"]

1. Nf3 Nf6 2. c4 e6 3. Nc3 Bb4 4. g3 O-O 5. Bg2 d5 6. a3 Bxc3 7. bxc3 c5 8. O-O
(8. cxd5 exd5 9. d3 h6 10. Be3 Qe7 {Mikhalchishin,A-Rosentalis,E URS-FL56
Klaipeda 1988 CBM/11}) 8... Nc6 9. cxd5 exd5 10. d3 h6 $1 11. Qc2 Re8 12. h3 b6
13. Re1 Bb7 14. Bf4 Qe7 $10 15. g4 Rad8 16. e4 dxe4 17. dxe4 Nd7 18. e5 Na5 19.
Bg3 Qe6 20. Nh4 Bxg2 1/2-1/2

[Event "Belfort"]
[Site "Belfort"]
[Date "1997.??.??"]
[Round "2"]
[White "Gurevich, Mikhail"]
[Black "Rozentalis, Eduardas"]
[Result "1/2-1/2"]
[WhiteElo "2620"]
[BlackElo "2645"]
[Annotator "Ribli,Z"]
[PlyCount "92"]
[EventDate "1997.10.??"]
[EventType "tourn"]
[EventRounds "10"]
[EventCountry "FRA"]
[EventCategory "13"]
[SourceTitle "CBM 062"]
[Source "ChessBase"]
[SourceDate "1998.01.31"]
[SourceVersion "1"]
[SourceVersionDate "1998.01.31"]
[SourceQuality "1"]

1. c4 e6 2. Nf3 Nf6 3. Nc3 Bb4 4. Qc2 (4. g4 $5 $13 {Das ist nur eine -
extravagante - Idee. Ähnlich, wie z.B. in der Slawischen Verteidigung nach 1.
d4 d5 2.c4 c6 3.Nf3 Nf6 4.Nc3 e6 5.e3 Nbd7 6.Qc2 Bd6 7.g4 - kann Weiß
ausnutzen, daß der schwarze Läufer nicht mehr den Pg7 verteidigt.}) 4... O-O 5.
a3 Bxc3 6. Qxc3 b6 {Schwarz spielt die gleichen Zuege wie in der Bogoindischen
oder der Nimzoindischen Verteidigung (4.Qc2-Variante). Die schwarze Strategie
ist klar: mit Bb7,d6,Nbd7 wird die Entwicklung beendet, und wenn möglich hält
man die Stellung gegen das weiße Läuferpaar geschlossen.} 7. b4 Bb7 8. Bb2 {
[%csl Gb2]} d6 9. e3 Nbd7 10. Be2 c5 11. O-O $14 {Weiß hat das Läuferpaar,
besonders sein Bb2 ist stark. Schwarz hat keine Schwächen, aber seine Stellung
ist etwas passiver.} Qe7 12. d4 {Weiß möchte das Spiel für sein Läuferpaar
öffnen. Aber dieser Zug hat auch Nachteile. Schwarz bekommt die Herrschaft
über das Feld e4.} (12. d3 Rac8 13. b5 a5 14. e4 d5 15. exd5 exd5 16. cxd5 Bxd5
17. Rfe1 Rfe8 18. Nd2 {Ftacnik,L-Rozentalis,E/Moscow olm 1994/CBM 45/[Ftacnik]/
0-1 (56)}) 12... Rfd8 (12... Ne4 13. Qc2 f5 14. Bd3 Ndf6 15. Nd2 cxd4 16. exd4
Rae8 17. f3 Nxd2 18. Qxd2 Nh5 19. Rfe1 Qh4 20. Bf1 Rf6 {0-1 Stefansson,
H-Zarnicki,P/WchJM U20 1992 (35)}) (12... Rfc8 $5 {[%cal Gc8c3]}) 13. Rfd1 (13.
Rad1 Nf8 14. bxc5 bxc5 15. dxc5 dxc5 16. Qa5 Be4 17. Ne5 Rxd1 18. Rxd1 Qb7 19.
Qb5 Bxg2 20. f3 Qc7 {1/2-1/2 Witke,T-Mehler,G/BL2-S 1988/BL2}) 13... Rac8 {
[%cal Gc8c3] Die Opposition von Dame und Turm ist früher oder später
unangenehm für Weiß.} 14. Qb3 (14. Rac1 cxb4 (14... cxd4 15. Qxd4 $14 {[%csl
Gd4]} (15. exd4 b5)) (14... d5 15. dxc5 bxc5 16. b5 {[%cal Gb2g7]}) 15. axb4 b5
{[%cal Gc8c3]}) 14... Be4 {Mit dem Partiezug demonstriert Schwarz, daß er den
Punkt e4 unter seiner Kontrolle hat.} 15. Nd2 Ba8 16. dxc5 (16. f3 d5 $11) (16.
Rac1 d5) 16... dxc5 (16... bxc5 17. b5 $14 {[%csl Gb2]}) 17. b5 {Die
Bauernstruktur ist symmetrisch, aber das Läuferpaar -insbesondere der starke
Bb2- garantiert Weiß dauerhaften positionellen Vorteil.} Ne4 18. Nxe4 (18. Nf1
Qh4 19. g3 Qh3 (19... Ng5 20. gxh4 $4 Nh3#)) 18... Bxe4 19. a4 f6 $1 {Schwarz
möchte den Wirkungsradius des schwarzfeldrigen Läufers einschränken.} 20. a5
Nf8 21. f3 Bg6 $5 {Das ist besser als der Rückzug auf die Diagonale a8-h1, wo
der Läufer nach f2-f3 und eventuellem e3-e4 keine Zukunft hätte.} 22. Bc3 Rxd1+
23. Rxd1 Rd8 {Schwarz folgt einer typischen Strategie: Durch Abtausch möchte
er den positionellen Druck von Weiß verringern.} 24. Kf2 Rxd1 25. Qxd1 Qd7 26.
Qxd7 Nxd7 {Weiß hat Raumvorteil, das Läuferpaar und sein König ist näher am
Zentrum. Trotzdem hat Schwarz gute Remisaussichten, weil es für Weiß in dieser
geschlossenen Stellung keine Eindringungsmöglichkeiten gibt.} 27. a6 {In
manchen möglichen Varianten - z.B. wenn der schwarze Springer nicht das Feld
b6 kontrolliert - kann Weiß Bc3-a5 nebst Bxb6 ziehen und den a-Bauern zur
Umwandlung bringen.} Kf8 28. e4 e5 $11 {Praktisch alle schwarzen Bauern sind
auf schwarzen Feldern, aber in dieser konkreten Stellung hat der Bc3 keinen
Raum.} 29. Ke3 Ke7 30. g3 Bf7 31. f4 Be6 $5 {Schwarz muß die Stellung
natürlich geschlossen halten.} (31... exf4+ 32. gxf4 $14) 32. h4 h6 33. Kd3 Bf7
34. Bg4 Be6 35. Bh5 {Weiß muß das Läuferpaar auf dem Brett halten, sonst hat
er überhaupt nichts.} (35. Bxe6 Kxe6 $11) 35... Kf8 36. Bg6 Ke7 (36... Bf7 $2
37. Bf5 Ke7 38. Bxd7 Kxd7 39. fxe5 $16) 37. Bb2 Bg4 {[%csl Rg6] Mit diesem Zug
erreicht Schwarz vollen Ausgleich, weil Weiß sein Läuferpaar aufgeben muß.} 38.
Bf5 (38. Bc3 Nf8 {[%csl Rg6]}) 38... Bxf5 39. exf5 exf4 (39... Kd6 40. Ke4) 40.
gxf4 h5 $1 {Trotz des großen Raumvorteils des Anziehenden gibt es keine
Eindringungsmöglichkeiten. Deshalb ist die Stellung remis.} 41. Ke4 Kd6 42. Bc3
Nf8 43. Bb2 (43. Be5+ $2 {Das ist die einzige Möglichkeit für Weiß etwas
Aktivität zu bekommen. Danach ist jedoch der Verlust wahrscheinlicher als der
Gewinn.} fxe5 44. fxe5+ Kd7 45. Kd5 g6 46. e6+ (46. f6 Ne6 $17) 46... Ke7 $19)
43... Nd7 44. Bc3 Nf8 45. Bb2 Nd7 46. Bc3 Nf8 {Und remis durch Zugwiederholung.
Ribli.} 1/2-1/2

[Event "Beersheba"]
[Site "Beersheba"]
[Date "1990.??.??"]
[Round "4"]
[White "Greenfeld, Alon"]
[Black "Kortschnoj, Viktor Lvovich"]
[Result "1/2-1/2"]
[WhiteElo "2530"]
[BlackElo "2625"]
[Annotator "Ribli,Z"]
[PlyCount "63"]
[EventDate "1990.03.??"]
[EventType "tourn"]
[EventRounds "9"]
[EventCountry "ISR"]
[EventCategory "13"]
[SourceTitle "CBM 017"]
[Source "ChessBase"]
[SourceDate "1990.08.01"]
[SourceVersion "1"]
[SourceVersionDate "1990.08.01"]
[SourceQuality "1"]

1. Nf3 Nf6 2. c4 b6 3. g3 Bb7 4. Bg2 e6 5. O-O Be7 6. Nc3 O-O 7. Re1 Bb4 $5 8.
Qc2 (8. d3 $5 {/\ e4}) 8... Bxc3 9. bxc3 (9. Qxc3 $5) 9... Nc6 10. e4 Na5 11.
c5 d6 12. d4 Nd7 13. c4 dxc5 (13... Ba6 14. e5 $1 {/\ Ng5 +/=}) 14. d5 Ba6 15.
e5 Bxc4 16. Ng5 g6 17. dxe6 Bxe6 18. Bxa8 Qxa8 19. Nxe6 fxe6 20. Bh6 Rf5 21. f4
c4 22. Rad1 Nc5 23. Rd4 Nd3 24. Re3 $6 (24. Rd1 $1 {[%cal Yd4c4,Yd1d3] /\ R
1xd3, Q xd3 +/-/ /\ Rxc4,Qxd3 +/-}) 24... Nb4 25. Qa4 Nbc6 26. Rxc4 $1 Nxc4 27.
Qxc4 Qe8 28. Rd3 (28. Rc3 $1 $14) 28... Rh5 $1 29. Rc3 $1 (29. Bg5 $2 Rxg5 30.
fxg5 Nxe5 $17) 29... Qd7 $1 30. Rd3 Qe8 31. Rc3 Qd7 32. Rd3 1/2-1/2